Moldavsko v kontexte európskej integrácie diplomová práca

Gespeichert in:
Bibliographische Detailangaben
1. Verfasser: Smatana, Filip
Körperschaft: Obchodná fakulta EU. Katedra medzinárodného obchodu
Weitere Verfasser: Čiderová, Denisa, 1977-
Format: Buch
Sprache:Slowakisch
Veröffentlicht: Bratislava 2024
Tags: Tag hinzufügen
Keine Tags, Fügen Sie das erste Tag hinzu!

MARC

LEADER 00000nbm a2200000 4500
001 0302287
005 20250808102609.9
041 0 |a slo 
044 |a SK 
245 1 0 |a Moldavsko v kontexte európskej integrácie  |b diplomová práca  |c Filip Smatana ; školiteľ: Denisa Čiderová 
264 1 |a Bratislava  |c 2024 
300 |a 79 s. 
100 1 |a Smatana, Filip 
700 1 |a Čiderová, Denisa, 1977- 
710 2 |a Obchodná fakulta EU. Katedra medzinárodného obchodu